<?xml version="1.0" encoding="UTF-8"?>
<collection xmlns:xsi="http://www.w3.org/2001/XMLSchema-instance" xsi:schemaLocation="http://www.loc.gov/MARC21/slim http://www.loc.gov/standards/marcxml/schema/MARC21slim.xsd" xmlns="http://www.loc.gov/MARC21/slim">
 <record>
  <leader>00000cam a22000004i 4500</leader>
  <controlfield tag="001">UP-99796217612810655</controlfield>
  <controlfield tag="003">Buklod</controlfield>
  <controlfield tag="005">20180801142729.0</controlfield>
  <controlfield tag="006">aa    r     ||| u </controlfield>
  <controlfield tag="007">ta</controlfield>
  <controlfield tag="008">180801s2015    xx     d     r    |||| u|</controlfield>
  <datafield tag="020" ind1=" " ind2=" ">
   <subfield code="a">9781783471409 (cased)</subfield>
  </datafield>
  <datafield tag="035" ind1=" " ind2=" ">
   <subfield code="a">(iLib)UPD-00366413515</subfield>
  </datafield>
  <datafield tag="040" ind1=" " ind2=" ">
   <subfield code="a">DLC</subfield>
   <subfield code="d">DECON</subfield>
   <subfield code="e">rda</subfield>
  </datafield>
  <datafield tag="041" ind1=" " ind2=" ">
   <subfield code="a">eng</subfield>
  </datafield>
  <datafield tag="090" ind1=" " ind2=" ">
   <subfield code="a">HC 79 E5</subfield>
   <subfield code="b">H353 2015</subfield>
  </datafield>
  <datafield tag="245" ind1="0" ind2="0">
   <subfield code="a">Handbook of ecological economics</subfield>
   <subfield code="c">edited by Joan Martinez-Alier, Roldan Muradian.</subfield>
  </datafield>
  <datafield tag="264" ind1=" " ind2="1">
   <subfield code="a">Cheltenham, UK</subfield>
   <subfield code="b">Edward Elgar Publishing, Limited</subfield>
   <subfield code="c">[2015]</subfield>
  </datafield>
  <datafield tag="300" ind1=" " ind2=" ">
   <subfield code="a">viii, 503 pages</subfield>
   <subfield code="b">illustrations</subfield>
   <subfield code="c">24 cm</subfield>
  </datafield>
  <datafield tag="336" ind1=" " ind2=" ">
   <subfield code="a">text</subfield>
   <subfield code="2">rdacontent</subfield>
  </datafield>
  <datafield tag="337" ind1=" " ind2=" ">
   <subfield code="a">unmediated</subfield>
   <subfield code="2">rdamedia</subfield>
  </datafield>
  <datafield tag="338" ind1=" " ind2=" ">
   <subfield code="a">volume</subfield>
   <subfield code="2">rdacarrier</subfield>
  </datafield>
  <datafield tag="504" ind1=" " ind2=" ">
   <subfield code="a">Includes bibliographical references and index.</subfield>
  </datafield>
  <datafield tag="505" ind1="0" ind2=" ">
   <subfield code="a">Taking stock:the keystones of ecological economics /Joan Martinez -Alier and Roldan Muradian.-- The content,direction and philosophy of ecological economics /Clive L. Spash.-- Analytical philosophy and ecological economics /John O' Neill and Thomas Uebel.-- Value deliberation in ecological economics /Christos Zografos.-- Social metabolism: a metric for biophysical growth and degrowth /Marina Fisher-Kowalski and Helmut Haberl.-- Macroeconomics policies and  environmental sustainability /Alejandro Nadal.-- Modeling a non-growing economy: an authobiographical note /Peter A. Victor.-- Degrowth:between a scientific concepts and a slogan for a social movement /Panos Petridis,Barbara Muraca and Giorgos Kallis</subfield>
   <subfield code="t">Water  ecological economics and socio-environmental conflicts /Beatriz Rodriguez-Labajos and Joan Martinez-Alier.-- The contributions of the ecosystem services paradigm to sustainability science, policy and practice /Rudolf de Groot and Leon Braat.-- Ecological economics perspectives on ecosystem services valuation /Erik Gomez-Baggethum and Berta Martin-Lopez.-- The values of traditional ecological knowledge /Victoria Reyes-Garcia.-- From conventional economics to complexity in social dilemmas:lessons from CPR experiments in the lab and the field</subfield>
   <subfield code="r">Juan Camilo Cardenas.-- Sustainable consumptions:transitions,systems and  practices /Inge Ropke.-- Consumers the environment and the new global middle classes /Alejandro Guarin and Imme Scholz.-- Global environmental governance /Arild Vatn.-- Economic instruments in policy mixes for biodiversity conservation and ecosystem governance /Iren Ring and David N. Barton.--The rise of PES in Brazil:from pilot projects to public policies /Emile Coudel,Joice Ferreira,Mauricio de Carvalho Amazonas,Ludivine Eloy,Marcelo Hercowitz, Luciano Mattos,Peter May, Roldan Muradian,Marie-Gabrielle Piketty and  Fabiano Toni.-- Looking forward :current concerns and  the  future of ecological economics /Joan Martinez-Alier and  Roldan Muradian</subfield>
  </datafield>
  <datafield tag="650" ind1="1" ind2="0">
   <subfield code="a">Environmental economics.</subfield>
  </datafield>
  <datafield tag="650" ind1=" " ind2="0">
   <subfield code="a">Ecology</subfield>
   <subfield code="x">Economic aspects.</subfield>
  </datafield>
  <datafield tag="650" ind1=" " ind2="0">
   <subfield code="a">Ecology</subfield>
   <subfield code="x">Economic aspects.</subfield>
  </datafield>
  <datafield tag="650" ind1=" " ind2="0">
   <subfield code="a">Environmental economics.</subfield>
  </datafield>
  <datafield tag="700" ind1="1" ind2=" ">
   <subfield code="a">Martinez Alier, Juan</subfield>
   <subfield code="e">editor.</subfield>
  </datafield>
  <datafield tag="700" ind1="1" ind2=" ">
   <subfield code="a">Muradian, Roldan</subfield>
   <subfield code="e">editor.</subfield>
  </datafield>
  <datafield tag="905" ind1=" " ind2=" ">
   <subfield code="a">FO</subfield>
  </datafield>
  <datafield tag="852" ind1="0" ind2=" ">
   <subfield code="a">UPD</subfield>
   <subfield code="b">DECON</subfield>
   <subfield code="h">HC 79.E5 H353 2015</subfield>
  </datafield>
  <datafield tag="942" ind1=" " ind2=" ">
   <subfield code="a">Book</subfield>
  </datafield>
 </record>
</collection>
